000
00244 a2200097 4500
001
33144
100
_a
Lal,H.B
245
_a
Introduction to Materials Science
260
_a
ND
_b
Dominant Publishers & Distribiutors
_c
2003
090
_c
22209
_d
22209
942
_a
NUST-CAE
_c
M
_c
13569
999
_c
268217
_d
268217